| 000 | 01769cam a2200397 i 4500 | ||
|---|---|---|---|
| 999 |
_c1445 _d1445 |
||
| 001 | 20132802 | ||
| 003 | OSt | ||
| 005 | 20221229153231.0 | ||
| 008 | 171107t20182018nyuab j b 001 0 eng c | ||
| 010 | _a 2017051157 | ||
| 020 | _a9780778741237 (pbk.) | ||
| 040 |
_aNJQ/DLC _beng _cNJQ _erda _dDLC _dKH8 |
||
| 042 | _apcc | ||
| 082 | 0 | 4 |
_a577.4 SPI _223 |
| 100 | 1 |
_aSpilsbury, Louise, _eauthor. |
|
| 245 | 1 | 0 |
_aGrassland biomes / _cLouise and Richard Spilsbury. |
| 264 | 1 |
_aNew York, New York : _bCrabtree Publishing Company, _c2018. |
|
| 300 |
_a32 pages : _bcolor illustrations, color maps ; _c29 cm. |
||
| 336 |
_atext _2rdacontent |
||
| 337 |
_aunmediated _2rdamedia |
||
| 338 |
_avolume _2rdacarrier |
||
| 490 | 0 | _aEarth's natural biomes | |
| 500 | _a"First published in 2017 by Wayland." | ||
| 504 | _aIncludes bibliographical references and index. | ||
| 520 |
_a"This engaging book gives readers core information about grassland biomes on prairies, steppes, pampas, and savannahs. Find out where each kind is found, how animals and plants have adapted to life on open grassland, who lives in these environments, and how humans impact life there."-- _cProvided by publisher. |
||
| 521 | 1 | _aAges 8-11. | |
| 521 | 2 | _aGrades 4 to 6. | |
| 650 | 0 |
_aGrassland ecology _vJuvenile literature. |
|
| 650 | 0 |
_aGrasslands _vJuvenile literature. |
|
| 650 | 0 |
_aGrassland conservation _vJuvenile literature. |
|
| 700 | 1 |
_aSpilsbury, Richard, _d1963- _eauthor. |
|
| 776 | 0 | 8 |
_iOnline version: _aSpilsbury, Louise, author. _tGrassland biomes _dNew York, New York : Crabtree Publishing Company, 2018 _z9781427120052 _w(DLC) 2017053955 |
| 906 |
_a7 _bcbc _corignew _d1 _eecip _f20 _gy-gencatlg |
||
| 942 |
_2ddc _cNFIC |
||